Grenzt irgendeins dieser Länder an ein Anderes? #1 - Statistiken

Allgemein
  • Dieses Quiz wurde 189 mal gespielt
  • Das Durchschnittsergebnis liegt bei 5 aus 8
Antwortstatistiken
Hint Explanation Antwort % Korrekt
Usbekistan - Georgien - Kuwait - Griechenland - Uganda - Benin - Malta - Spanien Nein
79%
Argentinien - Nicaragua - Guyana - Panama - Barbados - Peru - Venezuela - Mexiko Guyana und Venezuela Ja
78%
Malaysia - Sri Lanka - Tadschikistan - Nordkorea - Brunei - Bhutan - Somalia - Eritrea Malaysia und Brunei Ja
71%
Paraguay - Senegal - Chile - Kuba - Kamerun - Kolumbien - Belize - Costa Rica Nein
64%
Deutschland - Liechtenstein - Irland - Italien - Armenien - Tunesien - Slowenien - Rumänien Italien und Slowenien Ja
58%
Portugal - Mauretanien - Jemen - Mongolei - Botswana - Nepal - Uruguay - Mali Mauretanien und Mali Ja
57%
Südafrika - Marokko - Tansania - Republik Kongo - Tschad - Israel - Liberia - Kap Verde Nein
53%
Guinea-Bissau - Elfenbeinküste - Togo - Brasilien - Ägypten - Algerien - Ruanda - Ecuador Nein
47%
Keine übereinstimmenden Quizze gefunden
Verteilung der Resultate
Anzahl Personen mit jedem Resultat
Perzentil nach korrekt beantworteten Fragen
Ihre Resultats-Entwicklung
Sie haben dieses Quiz noch nicht gespielt